Pantun Melayu : (Record no. 4018)

000 -LEADER
fixed length control field nam a22 a 4500
003 - CONTROL NUMBER IDENTIFIER
control field AKMAL
005 - DATE AND TIME OF LATEST TRANSACTION
control field 20170524155950.0
008 - FIXED-LENGTH DATA ELEMENTS--GENERAL INFORMATION
fixed length control field 170524s2001 my e 001 p may d
020 ## - INTERNATIONAL STANDARD BOOK NUMBER
International Standard Book Number 983951007X (kkrs.) :
Terms of availability RM210.00
040 ## - CATALOGING SOURCE
Original cataloging agency AKMAL
Transcribing agency AKMAL
082 04 - DEWEY DECIMAL CLASSIFICATION NUMBER
Classification number 899.231009 HAR
Edition number 21
090 ## - LOCALLY ASSIGNED LC-TYPE CALL NUMBER (OCLC); LOCAL CALL NUMBER (RLIN)
Classification number (OCLC) (R) ; Classification number, CALL (RLIN) (NR) 899.231009
Local cutter number (OCLC) ; Book number/undivided call number, CALL (RLIN) HAR
245 00 - TITLE STATEMENT
Title Pantun Melayu :
Remainder of title bingkisan permata /
Statement of responsibility, etc. dikaji dan diperkenalkan oleh Harun Mat Piah ; ketua editor Hassan Ahmad
260 ## - PUBLICATION, DISTRIBUTION, ETC.
Place of publication, distribution, etc. Kuala Lumpur :
Name of publisher, distributor, etc. Yayasan Karyawan,
Date of publication, distribution, etc. 2001
300 ## - PHYSICAL DESCRIPTION
Extent lxxxi, 864ms. ;
Dimensions 24cm.
500 ## - GENERAL NOTE
General note Projek karya agung Yayasan Karyawan
500 ## - GENERAL NOTE
General note Pinjaman Tetap Pengarah Pembinaan Koleksi Negara & Pendokumentasian (001460127)
500 ## - GENERAL NOTE
General note Pinjaman Tetap Ketua Pengarah (001460130), Pinjaman Tetap Timbalan Pengarah (001460131), Pinjaman Tetap Pengarah Malaysiana ( 001460132), Pinjaman tetap Pengarah Perancangan & Dasar Korporat (001460133), Pinjaman Tetap Pengarah Perkhidmatan Maklumat (001460134),Pinjaman Tetap Pengarah Perdana (001460135), Pinjaman Tetap Pengarah Prasarana Ilmu & Maklumat (001460128), Pinjaman Tetap Pengarah Bahagian Pembangunan Sumber Manusia (001460129), Pinjaman Tetap Bahagian Khidmat Teknik (001504182)
500 ## - GENERAL NOTE
General note Pinjaman Tetap Pusat Kebangsaan Manuskrip Melayu (2359288, 2359289)
504 ## - BIBLIOGRAPHY, ETC. NOTE
Bibliography, etc. note Mengandungi rujukan bibliografi dan indeks
650 10 - SUBJECT ADDED ENTRY--TOPICAL TERM
Topical term or geographic name entry element Malay poetry
General subdivision History and criticism
9 (RLIN) 7792
700 0# - ADDED ENTRY--PERSONAL NAME
Personal name Harun Mat Piah,
Dates associated with a name 1937-
9 (RLIN) 7876
700 0# - ADDED ENTRY--PERSONAL NAME
Personal name Hassan Ahmad,
Titles and other words associated with a name Datuk,
Dates associated with a name 1936-2011
9 (RLIN) 3299
942 ## - ADDED ENTRY ELEMENTS (KOHA)
Source of classification or shelving scheme
Koha item type Book
Holdings
Withdrawn status Lost status Source of classification or shelving scheme Damaged status Not for loan Collection code Home library Current library Shelving location Date acquired Inventory number Total Checkouts Full call number Barcode Date last seen Price effective from Koha item type
          FICTION AKMAL Melaka AKMAL Melaka PINJAMAN 24.05.2017 800508   899.231009 HAR 201705110 24.05.2017 24.05.2017 Book
Pusat Sumber Maklumat Dato' Haji Sarmin Md Hussin, Akademi Kastam Diraja Malaysia, Melaka
Tel: 06-2331106 | Faks: 06-2313787